লোডিং...

FRUIT AND VEGETABLE BIOTECHNOLOGY

গ্রন্থ-পঞ্জীর বিবরন
প্রধান লেখক: SINGH P AND SINGH S P
বিন্যাস: Printed Book
প্রকাশিত: NEW DELHI OXFORD BOOK COMPANY 2012
বিষয়গুলি:
LEADER 00513nam a2200193 4500
020
037
082 |a 631.5 SIN 
100 |a SINGH P AND SINGH S P 
245 |a FRUIT AND VEGETABLE BIOTECHNOLOGY  |h ENGLISH 
250
260 |a NEW DELHI  |b OXFORD BOOK COMPANY  |c 2012 
300
500
590
650 |a FRUIT AND VEGETABLE BIOTECHNOLOGY 
942 |c BK 
999 |c 132607  |d 132607 
952 |0 0  |1 0  |4 0  |6 631_500000000000000_SIN  |7 0  |9 146067  |a BTY  |b BTY  |l 0  |o 631.5 SIN  |p BTY2111  |r 2019-10-24  |w 2019-10-24  |y BK